000 00691nam a2200265Ia 4500
003 OSt
005 20220912150618.0
006 a|||||r|||| 00| 0
007 ta
008 220909b |||||||| |||| 00| 0 eng d
024 _a38624
037 _cTextual
040 _aCSL
_beng
_cCSL
041 _aeng
082 _aC84:(B93), L91
100 _aMichels Tim
245 0 _aSolar energy utilization
260 _aNew York
_b Van Nostrand Reinhold
_c1979
300 _axiv, 251p.
_ccm.
500 _aBibliography 233-240p.
_ccm.
650 _a Physics
650 _aSolar energy
942 _hC84:(B93), L91
_cTEXL
_2CC
999 _c50884
_d50884